000 00926cac a22002411u 4500
090 _c5380
008 081029t1992 xxu||||| |||| 00| 0 eng d
010 _a91040390
020 _a0415029686
082 0 0 _a100
_bHAM.
100 _aHamlyn, D. W.,
245 1 0 _aBeing a philosopher :
_bthe history of a practice /
_cD.W. Hamlyn.
260 _aLondon ;
_aNew York :
_bRoutledge,
_cc.1992.
300 _ax, 187 p. ;
_c22 cm.
500 _aDistributer : Al Ahram.
504 _aIncludes bibliographical references and index.
511 _aCatalogued By : Mahitab.
650 0 _aPhilosophy
_xStudy and teaching
_xHistory.
650 0 _aPhilosophers.
856 4 2 _3Publisher description
_uhttp://www.loc.gov/catdir/enhancements/fy0648/91040390-d.html
942 _cBB
_k100HAM.
_2ddc
999 _c5380
_d5380